000 02205nam0a2200385 i 4500
001 RU\NLR\BIBL_A\011100328
005 20260409072644.0
010 _a9785888389515
_9120
021 _aRU
_b2016-23660
_91498
035 _a(NILC)RuMoRGB-008258971
035 _a(NLR Aleph) 011100328
090 _a11416558
_c11416558
100 _a20160412d2016 km y0rusy50 ca
101 0 _arus
102 _aRU
105 _aa|||j|||000yy
200 1 _aФизическая культура студентов в вузе
_eучебно-методическое пособие
_fМ.В. Малютина, В.И. Соболева, О.В. Загородняя, С.С. Загородний
_gМ-во сел. хоз-ва Рос. Федерации, Федер. гос. бюджет. образоват. учреждение высш. образования "Оренбург. гос. аграр. ун-т"
210 _aОренбург
_cИздательский центр ОГАУ
_d2016
215 _a82 с.
_cил.
_d21
300 _aНа обл. авт. не указаны
320 _aБиблиогр.: с. 81-82 (15 назв.)
606 _aФизическая культура и спорт в высшей школе
_jУчебно-методические пособия для высших учебных заведений
_91419074
_3RU\NLR\AUTH\66287285
606 _aСтуденты
_jУчебно-методические пособия
_xФизическое воспитание
_91709943
_3RU\NLR\AUTH\661059662
675 _a796/799
686 1 _aЧ511.1,6(2)531.8я73
686 1 _aЧ481.354я7
701 1 _aМалютина
_bМ. В.
_cканд. пед. наук
_gМарина Васильевна
_9178053
_3RU\NLR\AUTH\770178104
701 1 _7ca
_8rus
_aСоболева
_bВ. И.
_cспециалист по физ. культуре
_gВалентина Ивановна
_9162339
_3RU\NLR\AUTH\770162383
701 1 _aЗагородняя
_bО. В.
_gОльга Владимировна
701 1 _aЗагородний
_bС. С.
_gСергей Сергеевич
801 0 _aRU
_bРГБ
_c20160328
_gRCR
942 _cBOOK
980 _aNBR